000 01348nam0a22002891 4500
001 rc\4025065
005 20130415132200.7
021 _aRU
_b[55-49061]
035 _a(NLR Aleph) 008088766
090 _a9169999
_c9169999
100 _a20130415d1954 |||y0rusy50 ca
101 0 _arus
102 _aRU
105 _aa z |||||
200 1 _aТехнологическая оснастка, изготовляемая экспериментально-производственной базой ВПТИ - заводом "Металлист"
_fМ-во тяжелого машиностроения СССР. Всесоюз. проектно-технол. ин-т ВПТИ
210 _aМосква
_cБ. и.
_d1954
215 _a68 с.
_cил.
_d30
300 _aНа обороте тит. л. сост.: инженеры Г.М. Макеев и С.Н. Киселев
606 _aМеталлообработка холодная
_xПриспособления
_2psbo
702 1 _aМакеев
_bГ. М.
_4220
702 1 _aКиселев
_bС. Н.
_4220
710 0 2 _aВсесоюзный проектно-технологический институт тяжелого машиностроения
_3RU\NLR\AUTH\889987514
801 0 _aRU
_bNLR
_gpsbo
801 1 _aRU
_bELAR
_2rusmarc
852 _aNLR
_jПт 36.6/35
942 _cBOOK
980 _aNB